| 000 | 00734nam a22002297a 4500 | ||
|---|---|---|---|
| 005 | 20170124110132.0 | ||
| 010 | _a825603 | ||
| 020 | _c50.00 | ||
| 035 | _a825603 | ||
| 037 | _bCen Lib/Ret | ||
| 040 |
_aDPL _bEN |
||
| 082 |
_a709.2 _bNAT |
||
| 100 |
_aNath, R _932308 |
||
| 245 |
_aHistory of decorative art in Mughal architecture / _cby R. Nath |
||
| 260 |
_aDelhi _bMotilal Banarsidass _c1976 |
||
| 270 |
_aA. Ullah Marg, Jawahar Nagar _bDelhi _e110007 |
||
| 300 |
_axxiii,188p. : _c21cm(Hb) _bill. |
||
| 500 | _aIncludes bibliographical references | ||
| 650 |
_aDecoration and ornament, Architectural -- India _932309 |
||
| 650 |
_aIslamic decoration and ornament _932310 |
||
| 942 |
_2ddc _cEN _h709.2 _mNAT |
||
| 999 |
_c131624 _d131624 |
||